000 00358 a2200157 4500
001 75401
020 _a978852602048
040 _cAnchieta - Colégio São Paulo
100 _aBrandão, Inácio de Loyola
240 1 0 _aManifesto verde
_lpor
245 1 0 _aManifesto verde
300 _a
362 0 _a2014
650 4 _aCrônicas brasileiras
942 _cBK
999 _c75401
_d75401